000 00692npc a2200217Ia 4500
001 dp5/14-33821
003 IT-MiCISF
008 161014s9999||||xx | und||
040 _aIT-MiCISF
_cIT-MiCISF
041 _ait
100 _aSavio Anna Maria
245 0 _aNon hanno più vino
_bSessioni nazionali 1995
250 _a1a ed.
260 _bEquipes Notre-Dame
_c1995
300 _as.i.
500 _aSolinas M., Masina C., Damato Carnimeo G., Savio F., Carnimeo V., Masina E., Solinas G., Lepori M., Colzani G. / spiritualità-coniugale, affettività, lavoro, politica /
650 _apastorale-familiare
700 _aAA.VV.
942 _cDD
957 _71
999 _a33821
_bsi
_g1
_c206596
_d206596